| 000 | 01312nam a2200193 i 4500 | ||
|---|---|---|---|
| 001 | 76814001 | ||
| 003 | CO-MdFUSB | ||
| 005 | 20220725172247.0 | ||
| 008 | 220725t1984 ck |||| |||| 00| 0 spa d | ||
| 040 |
_bspa _cCO-MdFUSB _dCO-MdFUSB |
||
| 041 | _aspa | ||
| 100 |
_aCalderón de la Barca, Pedro. _eautor |
||
| 245 | 3 |
_aLa vida es sueño _c/ Pedro Calderón de la Barca |
|
| 300 |
_aVolumen 12, (1984) páginas 181- 283 _c; 22 cm |
||
| 520 | _aLa vida es sueño, de Pedro Calderón de la Barca (1600-1681), es una obra teatral escrita en el año 1635, cuyo protagonista, el príncipe Segismundo, se cuestiona sobre el sentido de la vida mientras se encuentra en cautiverio. Es una obra barroca caracterizada por las ideas filosóficas sobre la vida, el uso de la escenografía para contrastar ideas antagónicas y la importancia de la civilización sobre la barbarie. El drama gira en torno a la privación de la libertad de Segismundo por parte de su padre, el rey Basilio de Polonia, quien lo encierra por miedo a que se cumplan las predicciones de un oráculo consultado, según las cuales este lo vencería y humillaría. | ||
| 650 | 7 |
_97089 _aLiteratura española |
|
| 773 | 0 |
_067924 _981151 _aOveja Negra, _o24701 _tMaestros de la literatura universal _w(CO-MdFUSB)768714001 _z8482806718 |
|
| 942 | _cBK | ||
| 999 |
_c68007 _d68007 |
||